| 000 | 00668nam a2200253Ia 4500 | ||
|---|---|---|---|
| 008 | 190123s9999 xx 000 0 und d | ||
| 020 | _a9780439025805 | ||
| 050 | _bN495 2006 | ||
| 100 | _aNeuschwander, Cindy | ||
| 245 | 0 | _aSir cumference and the isle of immeter : | |
| 245 | 2 | _ba math adventure / | |
| 245 | 0 | _cby Cindy Neuschwander ; illustrated by Wayne Geehan. | |
| 260 | _aNew York, New York : | ||
| 260 | _bScholastic, | ||
| 260 | _c2006 | ||
| 300 | _a32 pages : | ||
| 300 | _bcolored illustrations ; | ||
| 300 | _c24cm. | ||
| 500 | _a610L | ||
| 650 | _aGeometry. | ||
| 650 | _aMathematics. | ||
| 700 | _aGeehan, Wayne. | ||
| 700 | _aTitle. | ||
| 999 |
_c361029 _d361029 |
||